00766nam a2200241 a 450000100060000000300080000600500170001400800410003102000500007203500190012204000270014104100080016808200270017610000280020324500800023126000540031130000330036550400500039865000160044865000210046465000190048570000200050454732BD-RjUL20211209080149.0161109r20081988ii a b 001 0 eng  a9788120306950c: IRs. 250.00 (Indian reprint) a(BD-RjUL)54854 aDLCcDLCdBD-RjULbeng aeng00223a511.3223bKLF 20081 aKlir, George J.,d1932-10aFuzzy sets, uncertainty, and information /cGeorge J. Klir, Tina A. Folger. aNew Delhi :bPrentice Hall,cc1988 [Reprint 2008] axi, 355 p. :bill. ;c25 cm. aIncludes Bibliographical References and Index 0aFuzzy sets. 0aSystem analysis. 0aFuzzy systems.1 aFolger, Tina A.